[Event "GER-chT U20"]
[Site "Arendsee"]
[Date "2008.12.27"]
[Round "2.5"]
[White "Strathoff, Martin"]
[Black "Welke, Vincent"]
[Result "1-0"]
[WhiteElo "1922"]
[BlackElo "1722"]
[PlyCount "67"]
[EventDate "2008.12.27"]
[EventType "team-swiss"]
[EventRounds "7"]
[EventCountry "GER"]
[SourceTitle "CBM 128 Extra"]
[Source "ChessBase"]
[SourceDate "2009.03.05"]
[SourceVersion "2"]
[SourceVersionDate "2009.03.25"]
[SourceQuality "1"]
[WhiteTeam "Brackel"]
[BlackTeam "Schott Mainz"]
[WhiteTeamCountry "GER"]
[BlackTeamCountry "GER"]

1. d4 Nf6 2. c4 g6 3. Nc3 Bg7 4. e4 d6 5. f4 0-0 6. Nf3 c5 7. d5 b5 8. cxb5 Qa5 9. Bd2 a6 10. bxa6 Bxa6 11. Bxa6 Qxa6 12. Qe2 Qxe2+ 13. Kxe2 Nbd7 14. h3 Rfb8 15. b3 Nb6 16. a4 Rb7 17. g4 Rab8 18. Ke3 Na8 19. Nb5 Nc7 20. g5 Nd7 21. Bc3 Rxb5 22. axb5 Bxc3 23. Ra7 Rc8 24. Rb7 Nf8 25. Kd3 Bg7 26. Kc4 e6 27. b6 Na6 28. Kb5 Nb4 29. Rd1 Rd8 30. Rc7 exd5 31. b7 Rb8 32. Rxd5 Nxd5 33. exd5 Bd4 34. Kc6 1-0

[Event "GER-chT U20"]
[Site "Kelbra"]
[Date "2006.12.27"]
[Round "2.6"]
[White "Welke, Vincent"]
[Black "Wall, Max"]
[Result "0-1"]
[WhiteElo "1588"]
[BlackElo "1916"]
[PlyCount "63"]
[EventDate "2006.12.27"]
[EventType "team-swiss"]
[EventRounds "7"]
[EventCountry "GER"]
[SourceTitle "EXT 2008"]
[Source "ChessBase"]
[SourceDate "2007.11.25"]
[SourceVersion "1"]
[SourceVersionDate "2007.11.25"]
[SourceQuality "1"]
[WhiteTeam "Mainz Schott U20"]
[BlackTeam "Hannover Post U20"]
[WhiteTeamCountry "GER"]
[BlackTeamCountry "GER"]

1. e4 c5 2. Nf3 d6 3. d4 cxd4 4. Nxd4 Nf6 5. Nc3 Nc6 6. Bg5 e6 7. Qd2 Be7 8. 0-0-0 Nxd4 9. Qxd4 0-0 10. f4 Qa5 11. Bc4 Bd7 12. e5 dxe5 13. fxe5 Bc6 14. Bd2 Nd7 15. Nd5 Qd8 16. Nxe7+ Qxe7 17. Rhe1 Rfd8 18. Qg4 Nf8 19. h4 Qc5 20. Bg5 Rxd1+ 21. Kxd1 Ng6 22. Qe2 Qd4+ 23. Kc1 h6 24. Bd2 Qxh4 25. g4 Rd8 26. Rg1 Rd4 27. Bd3 Nf4 28. Bxf4 Rxf4 29. Qe3 Rxg4 30. Rf1 Qg5 31. Re1 Qxe3+ 32. Rxe3 0-1

[Event "GER-chT U16"]
[Site "Berlin"]
[Date "2005.12.28"]
[Round "3.3"]
[White "Tkachuk, Konstantyn"]
[Black "Welke, Vincent"]
[Result "1-0"]
[WhiteElo "1955"]
[BlackElo "1437"]
[PlyCount "101"]
[EventDate "2005.12.27"]
[EventType "team-swiss"]
[EventRounds "7"]
[EventCountry "GER"]
[SourceTitle "EXT 2022"]
[Source "ChessBase"]
[SourceDate "2021.10.06"]
[SourceVersion "1"]
[SourceVersionDate "2021.10.06"]
[SourceQuality "1"]
[WhiteTeam "Berghofen Wambel U16"]
[BlackTeam "Mainz Schott U16"]
[WhiteTeamCountry "GER"]
[BlackTeamCountry "GER"]

1. e4 c5 2. Nf3 e6 3. d4 cxd4 4. Nxd4 a6 5. Bd3 Bc5 6. Nb3 Ba7 7. c4 Nc6 8. 0-0 d6 9. Nc3 Qh4 10. g3 Qh3 11. Be2 h5 12. Bf3 Nf6 13. Bg2 Qg4 14. Bf4 e5 15. Qxg4 hxg4 16. Bg5 Be6 17. Nd2 Kd7 18. b3 Rh5 19. Bxf6 gxf6 20. Rfd1 Rah8 21. Nf1 Nd4 22. Rd2 Nf3+ 23. Bxf3 gxf3 24. Rd3 Bh3 25. Rxf3 Bxf1 26. Kxf1 Rxh2 27. Ke2 Bd4 28. Rd1 Rh1 29. Rd2 Bxc3 30. Rxc3 Ke6 31. Rcd3 Rd8 32. c5 Ra1 33. Rxd6+ Rxd6 34. cxd6 Kd7 35. Kf3 Re1 36. Rd3 b5 37. Rd2 b4 38. Rd3 Ra1 39. Rd2 Re1 40. Rd5 Ra1 41. Ra5 Kxd6 42. Rxa6+ Kc5 43. Kg4 Kd4 44. Kf5 Kc3 45. f4 Rf1 46. Rxf6 Kb2 47. Rb6 exf4 48. gxf4 Kxa2 49. Rxb4 Rf3 50. Rb7 Rxb3 51. Rxb3 1-0

[Event "GER-chT U16"]
[Site "Berlin"]
[Date "2005.12.27"]
[Round "1.3"]
[White "Colpe, Malte"]
[Black "Welke, Vincent"]
[Result "1-0"]
[WhiteElo "1967"]
[BlackElo "1437"]
[PlyCount "85"]
[EventDate "2005.12.27"]
[EventType "team-swiss"]
[EventRounds "7"]
[EventCountry "GER"]
[SourceTitle "EXT 2022"]
[Source "ChessBase"]
[SourceDate "2021.10.06"]
[SourceVersion "1"]
[SourceVersionDate "2021.10.06"]
[SourceQuality "1"]
[WhiteTeam "Hamburger SK U16"]
[BlackTeam "Mainz Schott U16"]
[WhiteTeamCountry "GER"]
[BlackTeamCountry "GER"]

1. d4 Nf6 2. c4 g6 3. Nc3 Bg7 4. e4 d6 5. Nf3 0-0 6. Be2 e5 7. Be3 Ng4 8. Bg5 f6 9. Bc1 Nc6 10. d5 Ne7 11. h3 Nh6 12. h4 f5 13. exf5 gxf5 14. Bg5 f4 15. Ne4 Bf5 16. Bd3 c6 17. 0-0 Bg6 18. Bc2 c5 19. b4 b6 20. bxc5 bxc5 21. Bxe7 Qxe7 22. Neg5 Nf5 23. Ne6 Rfb8 24. h5 Bf7 25. Nfg5 Bxe6 26. Nxe6 Nd4 27. Be4 Rb2 28. Qg4 Kh8 29. Nxd4 cxd4 30. c5 Qc7 31. Rac1 Rxa2 32. cxd6 Qxd6 33. Rc6 Qf8 34. Rc7 Qf6 35. d6 Rd8 36. Bd5 Ra6 37. Rf7 Qh6 38. d7 Rd6 39. Re7 Rf8 40. Be6 Qf6 41. Re8 d3 42. h6 Bxh6 43. Qg8+ 1-0